Machine design (Record no. 5128)

MARC details
000 -LEADER
fixed length control field 00541nam a2200205Ia 4500
003 - CONTROL NUMBER IDENTIFIER
control field IN-BaIIA
008 - FIXED-LENGTH DATA ELEMENTS--GENERAL INFORMATION
fixed length control field 211028s9999 xx 000 0 eng d
040 ## - CATALOGING SOURCE
Transcribing agency IIA Library
080 ## - UNIVERSAL DECIMAL CLASSIFICATION NUMBER
Universal Decimal Classification number 629.01
Item number BLA
100 ## - MAIN ENTRY--PERSONAL NAME
Personal name Black, P. H
9 (RLIN) 9115
245 #0 - TITLE STATEMENT
Title Machine design
Statement of responsibility, etc. P. H. Black and O. E. Adams
250 ## - EDITION STATEMENT
Edition statement 3rd ed.
260 ## - PUBLICATION, DISTRIBUTION, ETC.
Place of publication, distribution, etc. Tokyo
Name of publisher, distributor, etc. McGraw-Hill
Date of publication, distribution, etc. 1968
300 ## - PHYSICAL DESCRIPTION
Extent v, 678p.
650 ## - SUBJECT ADDED ENTRY--TOPICAL TERM
Topical term or geographic name entry element  Machine design
9 (RLIN) 9116
650 ## - SUBJECT ADDED ENTRY--TOPICAL TERM
Topical term or geographic name entry element  Mechanical engineering 
9 (RLIN) 9117
650 ## - SUBJECT ADDED ENTRY--TOPICAL TERM
Topical term or geographic name entry element NASA thesaurus 
700 ## - ADDED ENTRY--PERSONAL NAME
Personal name Adams, O. E
9 (RLIN) 9118
942 ## - ADDED ENTRY ELEMENTS (KOHA)
Koha item type Books
952 ## - LOCATION AND ITEM INFORMATION (KOHA)
-- 6.50
Holdings
Withdrawn status Lost status Damaged status Not for loan Home library Current library Shelving location Date acquired Total Checkouts Full call number Barcode Date last seen Price effective from Koha item type
        IIA Library-Bangalore IIA Library-Bangalore General Stacks 22/12/1976   629.01/ BLA 5728 05/11/2021 22/12/1976 Books

Powered by Koha